[Event "Championnat de France - Open B"]
[Site "Val d'Isere"]
[Date "2002.??.??"]
[Round "1.1"]
[White "Iwaszko, Piotr"]
[Black "Falais, Jean-François"]
[Result "1-0"]
[WhiteElo "2000"]
[BlackElo "1770"]
[PlyCount "57"]
[EventDate "2002.08.??"]
[SourceDate "2002.08.21"]

1. d4 g6 2. c4 d6 3. Nc3 c6 4. e4 Bg7 5. Be3 Nd7 6. Qd2 e5 7. d5 cxd5 8. cxd5
a6 9. Bd3 Ngf6 10. f3 b5 11. b4 Nb6 12. Nge2 Bb7 13. O-O Rc8 14. a4 bxa4 15.
Nxa4 Nxa4 16. Rxa4 Ra8 17. Rfa1 Qc8 18. Qa2 O-O 19. Bxa6 Bxa6 20. Rxa6 Rxa6 21.
Qxa6 Qxa6 22. Rxa6 Rd8 23. b5 Rb8 24. Nc3 Bf8 25. Ba7 Rb7 26. Be3 Nd7 27. Ra7
Nc5 28. Bxc5 Rxa7 29. Bxa7 1-0

[Event "Championnat de France - Open B"]
[Site "Val d'Isere"]
[Date "2002.??.??"]
[Round "1.2"]
[White "Franck, Boris"]
[Black "Louvrier-Saint-Mary, Jean-Roger"]
[Result "0-1"]
[WhiteElo "1770"]
[BlackElo "2002"]
[PlyCount "46"]
[EventDate "2002.08.??"]
[SourceDate "2002.08.21"]

1. e4 c5 2. Nf3 e6 3. d4 cxd4 4. Nxd4 a6 5. Be2 Qc7 6. O-O Nf6 7. Nc3 b5 8. a3
Bb7 9. Qd3 Nc6 10. f4 Nxd4 11. Bf3 Nxf3+ 12. Rxf3 Bc5+ 13. Be3 Ng4 14. Bd4 e5
15. Bxc5 Qxc5+ 16. Kh1 Nf2+ 17. Rxf2 Qxf2 18. Rf1 Qd4 19. Qg3 O-O-O 20. fxe5
Rde8 21. Rxf7 Rhf8 22. e6 Rxf7 23. exf7 Rf8 0-1

[Event "Championnat de France - Open B"]
[Site "Val d'Isere"]
[Date "2002.??.??"]
[Round "1.3"]
[White "Favreau, Francois"]
[Black "Legrand, Pascal"]
[Result "1-0"]
[WhiteElo "1990"]
[BlackElo "1770"]
[PlyCount "95"]
[EventDate "2002.08.??"]
[SourceDate "2002.08.21"]

1. Nf3 d5 2. g3 Nf6 3. Bg2 c6 4. d3 Bg4 5. O-O Nbd7 6. Nbd2 e6 7. c3 Be7 8. e4
Ne5 9. Qe2 dxe4 10. dxe4 Qd3 11. Re1 Qxe2 12. Rxe2 Nxf3+ 13. Nxf3 Rd8 14. Bf4
O-O 15. h3 Bxf3 16. Bxf3 Rd3 17. Kg2 Rfd8 18. a4 R8d7 19. Rc2 Rd8 20. a5 a6 21.
b4 R3d7 22. Rb1 Ne8 23. Be3 Bd6 24. Be2 Bc7 25. f4 Nf6 26. e5 Nd5 27. Bc5 Ne7
28. g4 Ng6 29. Be3 h6 30. Rf1 Rd5 31. c4 R5d7 32. Ra2 Ra8 33. Kg3 Bd8 34. Bc5
Bc7 35. h4 Rad8 36. Be3 Ne7 37. h5 Kf8 38. Rb1 Ke8 39. b5 cxb5 40. cxb5 Nd5 41.
Rb3 Nxe3 42. Rxe3 Rd2 43. Rxd2 Rxd2 44. b6 Bd8 45. Bf3 Ra2 46. Bxb7 Rxa5 47.
Bc6+ Ke7 48. b7 1-0

[Event "Championnat de France - Open B"]
[Site "Val d'Isere"]
[Date "2002.??.??"]
[Round "1.4"]
[White "Romain, Emeline"]
[Black "Hoareau, Nicolas"]
[Result "0-1"]
[WhiteElo "1790"]
[BlackElo "1980"]
[PlyCount "60"]
[EventDate "2002.08.??"]
[SourceDate "2002.08.21"]

1. d4 f5 2. Nf3 Nf6 3. e3 e6 4. Bd3 Be7 5. O-O O-O 6. Nbd2 d5 7. Ne5 Bd6 8. f4
Nbd7 9. b3 Qe7 10. c4 c6 11. c5 Bc7 12. a3 a5 13. Bb2 Ne4 14. Rf3 Ndf6 15. Rh3
Bd7 16. Be2 Be8 17. Qe1 Nxd2 18. Qxd2 Ne4 19. Qe1 Bxe5 20. fxe5 g5 21. Bd3 Bg6
22. Bc1 Rf7 23. Bxe4 fxe4 24. Bd2 a4 25. b4 Raf8 26. Qe2 h5 27. g3 Rf3 28. Qg2
Qf7 29. Qe2 Rf2 30. Qe1 Qf3 0-1

[Event "Championnat de France - Open B"]
[Site "Val d'Isere"]
[Date "2002.??.??"]
[Round "1.5"]
[White "Le François, Jeremy"]
[Black "Talamon, Jerome"]
[Result "1-0"]
[WhiteElo "1980"]
[BlackElo "1770"]
[PlyCount "97"]
[EventDate "2002.08.??"]
[SourceDate "2002.08.21"]

1. e4 e6 2. d4 d5 3. Nc3 dxe4 4. Nxe4 Nd7 5. Nf3 Ngf6 6. Nxf6+ Nxf6 7. Bd3 c5
8. dxc5 Bxc5 9. O-O O-O 10. c3 b6 11. Qe2 Bb7 12. Rd1 Qc7 13. Ne5 Rad8 14. Bg5
Be7 15. Bxf6 Bxf6 16. Ng4 Be7 17. f3 Bc5+ 18. Nf2 Rfe8 19. Rd2 Kh8 20. Rad1 Bc6
21. Kh1 e5 22. Be4 Bd7 23. Qd3 g6 24. Bd5 Be6 25. Qe2 Bxd5 26. Rxd5 Bxf2 27.
Qxf2 Rxd5 28. Rxd5 Rd8 29. Qd2 Rxd5 30. Qxd5 Kg7 31. Kg1 f6 32. c4 Kf8 33. Kf1
Ke7 34. Ke2 Qd7 35. Qg8 Kd6 36. b4 e4 37. Qd5+ Kc7 38. Qxd7+ Kxd7 39. fxe4 Kd6
40. Kd3 h6 41. Kd4 a6 42. g4 g5 43. h3 Kc6 44. e5 fxe5+ 45. Kxe5 a5 46. a3 b5
47. c5 a4 48. Ke6 Kc7 49. Kf6 1-0

[Event "Championnat de France - Open B"]
[Site "Val d'Isere"]
[Date "2002.??.??"]
[Round "2.1"]
[White "Colandrea, Sauveur"]
[Black "Iwaszko, Piotr"]
[Result "0-1"]
[WhiteElo "1800"]
[BlackElo "2000"]
[PlyCount "168"]
[EventDate "2002.08.??"]
[SourceDate "2002.08.21"]

1. e4 c5 2. Nf3 d6 3. c3 Nf6 4. Be2 e6 5. O-O Be7 6. e5 dxe5 7. Nxe5 O-O 8. d3
Bd6 9. Bf4 Qc7 10. d4 cxd4 11. cxd4 Nd5 12. Bg3 Nd7 13. Nxd7 Bxd7 14. Bxd6 Qxd6
15. Nd2 Rac8 16. g3 Qb4 17. Ne4 Ba4 18. b3 Bd7 19. Qd2 Qxd2 20. Nxd2 Rc2 21.
Rfd1 Nc3 22. Bd3 Rxa2 23. Rxa2 Nxa2 24. Ra1 Nb4 25. Be4 Nc6 26. Nf3 a6 27. Ne5
Nxe5 28. dxe5 Rb8 29. f4 Kf8 30. Kf2 Ke7 31. Ke3 h6 32. Kd4 Kd8 33. Kc5 Kc7 34.
Kb4 Bc6 35. Rc1 Rd8 36. Ka3 Rd4 37. Bb1 Rd2 38. h4 a5 39. Be4 Rd4 40. Bxc6 bxc6
41. Rc3 h5 42. Kb2 Kb6 43. Ka3 Kb5 44. Kb2 c5 45. Ka3 a4 46. bxa4+ Rxa4+ 47.
Kb3 c4+ 48. Kb2 Kc5 49. Rc1 Rb4+ 50. Kc2 Rb3 51. Rg1 Kd4 52. g4 Rf3 53. gxh5
Rxf4 54. Rxg7 Rxh4 55. Rxf7 Rh2+ 56. Kc1 Rxh5 57. Rf4+ Kd5 58. Kc2 Rxe5 59. Kc3
Re3+ 60. Kd2 Rd3+ 61. Kc2 e5 62. Rf8 e4 63. Rd8+ Ke5 64. Rc8 Kd4 65. Rd8+ Ke3
66. Rc8 c3 67. Rh8 Ke2 68. Rh2+ Ke3 69. Rh3+ Kd4 70. Rh8 Rd2+ 71. Kc1 e3 72.
Rd8+ Ke4 73. Re8+ Kd3 74. Rd8+ Ke2 75. Rc8 Rd1+ 76. Kc2 Rd2+ 77. Kc1 c2 78. Re8
Kf2 79. Rf8+ Ke1 80. Re8 Re2 81. Rf8 Rf2 82. Re8 e2 83. Rh8 Kf1 84. Rh1+ Kg2
0-1

[Event "Championnat de France - Open B"]
[Site "Val d'Isere"]
[Date "2002.??.??"]
[Round "2.2"]
[White "Louvrier-Saint-Mary, Jean-Roger"]
[Black "Liot, Bruno"]
[Result "1-0"]
[WhiteElo "2000"]
[BlackElo "1800"]
[PlyCount "63"]
[EventDate "2002.08.??"]
[SourceDate "2002.08.21"]

1. b3 Nf6 2. Bb2 e6 3. e3 d5 4. f4 Nc6 5. Bb5 Bd7 6. Nf3 a6 7. Bxc6 Bxc6 8. Ne5
Be7 9. d3 Bb4+ 10. Nd2 Qe7 11. a3 Bd6 12. Ndf3 h5 13. O-O Ng4 14. Qe1 Bd7 15.
h3 Bxe5 16. Nxe5 Nf6 17. a4 O-O-O 18. Ba3 Qe8 19. Qc3 Kb8 20. Rfb1 Ng8 21.
Nxd7+ Rxd7 22. b4 Rd6 23. b5 d4 24. Qc4 axb5 25. axb5 Rd8 26. Bc5 Ne7 27. Qa4
Kc8 28. Bxe7 Qxe7 29. b6 Qd6 30. bxc7 Qxc7 31. Rb4 Rd7 32. Rc4 1-0

[Event "Championnat de France - Open B"]
[Site "Val d'Isere"]
[Date "2002.??.??"]
[Round "2.3"]
[White "Koelher, Jerome"]
[Black "Favreau, Francois"]
[Result "0-1"]
[WhiteElo "1800"]
[BlackElo "1990"]
[PlyCount "92"]
[EventDate "2002.08.??"]
[SourceDate "2002.08.21"]

1. e4 g6 2. d4 Bg7 3. Nc3 d6 4. Be3 c6 5. Qd2 Nd7 6. f3 Qc7 7. h4 h6 8. Nh3 b5
9. Nf2 Nb6 10. Bd3 b4 11. Ne2 a5 12. c3 bxc3 13. Nxc3 Ba6 14. Bxa6 Rxa6 15. Qd3
Ra8 16. Rc1 Nf6 17. f4 Rd8 18. d5 c5 19. g4 h5 20. Nb5 Qd7 21. g5 Ng4 22. Nxg4
Qxg4 23. b3 O-O 24. Kf2 Qd7 25. a4 Qb7 26. Bd2 Ra8 27. Bc3 Bxc3 28. Rxc3 c4 29.
Qc2 cxb3 30. Qxb3 Rfc8 31. Rhc1 Nd7 32. Rxc8+ Rxc8 33. Rxc8+ Qxc8 34. Qc3 Nc5
35. Qxa5 Nxe4+ 36. Ke3 Nc5 37. Qa7 Qh3+ 38. Kd2 Qd3+ 39. Ke1 Qe3+ 40. Kd1 Qe4
41. Qb8+ Kg7 42. Nxd6 Qxd5+ 43. Ke2 exd6 44. Qb2+ Kh7 45. Qb5 Qa2+ 46. Ke3 Qxa4
0-1

[Event "Championnat de France - Open B"]
[Site "Val d'Isere"]
[Date "2002.??.??"]
[Round "2.4"]
[White "Hoareau, Nicolas"]
[Black "Thomas, Philippe"]
[Result "1-0"]
[WhiteElo "1980"]
[BlackElo "1800"]
[PlyCount "77"]
[EventDate "2002.08.??"]
[SourceDate "2002.08.21"]

1. c4 f5 2. Nf3 Nf6 3. g3 e6 4. Bg2 c6 5. O-O d5 6. d4 Bd6 7. b3 O-O 8. Ba3 Ne4
9. Bxd6 Qxd6 10. Qc2 Na6 11. a3 Bd7 12. Nbd2 Nc7 13. Ne5 Nxd2 14. Qxd2 Rad8 15.
c5 Qe7 16. a4 g5 17. f4 h6 18. Ng6 Qg7 19. Nxf8 Rxf8 20. e3 Ne8 21. b4 a6 22.
Rfb1 Nf6 23. Kh1 Nh5 24. Bf3 g4 25. Be2 Nf6 26. Bd3 h5 27. b5 axb5 28. axb5 Qh6
29. Qe1 Rf7 30. Ra8+ Kh7 31. Rb8 Be8 32. bxc6 Bxc6 33. Bb5 Ne4 34. Bxc6 bxc6
35. R1b7 Rxb7 36. Rxb7+ Kh8 37. Qa5 Nf6 38. Qd8+ Ng8 39. Rb8 1-0

[Event "Championnat de France - Open B"]
[Site "Val d'Isere"]
[Date "2002.??.??"]
[Round "2.5"]
[White "Cantero, Jorge"]
[Black "Le François, Jeremy"]
[Result "1-0"]
[WhiteElo "1790"]
[BlackElo "1980"]
[PlyCount "73"]
[EventDate "2002.08.??"]
[SourceDate "2002.08.21"]

1. e4 c5 2. Nf3 d6 3. d4 cxd4 4. Nxd4 Nf6 5. Nc3 g6 6. Be3 Bg7 7. f3 O-O 8. Bc4
Nc6 9. Nxc6 bxc6 10. Qd2 Bb7 11. Rd1 Qc7 12. Bb3 d5 13. exd5 Nxd5 14. Nxd5 cxd5
15. c3 e6 16. O-O Ba6 17. Rfe1 Rfc8 18. Bd4 Bc4 19. Bxg7 Kxg7 20. Qd4+ Kg8 21.
Bxc4 Qxc4 22. Qxc4 Rxc4 23. Kf2 Ra4 24. a3 Rb8 25. Re2 Kf8 26. Ke3 Ke7 27. Rd4
Rxd4 28. Kxd4 Kd6 29. c4 dxc4 30. Kxc4 e5 31. Rd2+ Kc6 32. b4 Re8 33. b5+ Kc7
34. a4 f5 35. Re2 Kb6 36. Rd2 Kc7 37. a5 {temps.} 1-0

[Event "Championnat de France - Open B"]
[Site "Val d'Isere"]
[Date "2002.08.22"]
[Round "3.1"]
[White "Iwaszko, Piotr"]
[Black "Gay, Emmanuel"]
[Result "0-1"]
[WhiteElo "2000"]
[BlackElo "1810"]
[PlyCount "84"]
[EventDate "2002.08.??"]
[SourceDate "2002.08.21"]

1. d4 d5 2. Nf3 Nf6 3. e3 c5 4. c3 Nc6 5. Bd3 Bg4 6. Nbd2 e6 7. h3 Bh5 8. Qc2
Bd6 9. b3 cxd4 10. exd4 O-O 11. O-O Rc8 12. Qb1 e5 13. Bf5 Rc7 14. dxe5 Nxe5
15. Nd4 a6 16. Bb2 Re8 17. Bc2 Bg6 18. Nf5 Bxf5 19. Bxf5 g6 20. Bc2 Nh5 21. Qd1
Nf4 22. Nf3 Qf6 23. Nxe5 Bxe5 24. Re1 Rce7 25. Rc1 Qg5 26. Qf3 Nxg2 27. Qxg2
Bh2+ 28. Kxh2 Qxg2+ 29. Kxg2 Rxe1 30. Bd3 Rxc1 31. Bxc1 Re1 32. Be3 Ra1 33. b4
Rxa2 34. Kg3 f6 35. Bf1 Rc2 36. Bd4 Kf7 37. h4 Ke6 38. Bh3+ f5 39. Kf4 b6 40.
Kg3 a5 41. Bf1 a4 42. Bxb6 a3 0-1

[Event "Championnat de France - Open B"]
[Site "Val d'Isere"]
[Date "2002.08.22"]
[Round "3.2"]
[White "Nguyen, Patrick"]
[Black "Louvrier-Saint-Mary, Jean-Roger"]
[Result "1-0"]
[WhiteElo "1810"]
[BlackElo "2000"]
[PlyCount "55"]
[EventDate "2002.08.??"]
[SourceDate "2002.08.21"]

1. e4 c5 2. Nf3 e6 3. c3 d5 4. exd5 Qxd5 5. d4 Nf6 6. Bd3 cxd4 7. cxd4 Qd8 8.
O-O Bd6 9. Nc3 Nbd7 10. Re1 h6 11. d5 Nc5 12. Bb5+ Kf8 13. dxe6 Nxe6 14. Be3 a6
15. Ba4 b5 16. Bb3 Bb7 17. Bxe6 Bxf3 18. Qxf3 fxe6 19. Rad1 Ke7 20. Bc5 Ne8 21.
Ne4 Rf8 22. Qa3 Rf5 23. Nxd6 Nxd6 24. Rxd6 Qg8 25. Rxa6+ Rxc5 26. Qxc5+ Kf7 27.
Rc6 Qd8 28. Rc7+ 1-0

[Event "Championnat de France - Open B"]
[Site "Val d'Isere"]
[Date "2002.08.23"]
[Round "3.3"]
[White "Favreau, Francois"]
[Black "Blangez, Claire"]
[Result "1-0"]
[WhiteElo "1990"]
[BlackElo "1800"]
[PlyCount "109"]
[EventDate "2002.08.??"]
[SourceDate "2002.08.21"]

1. Nf3 d5 2. g3 Nc6 3. Bg2 e5 4. d3 Bc5 5. O-O Nf6 6. h3 O-O 7. c3 e4 8. Nh2
exd3 9. exd3 Re8 10. Bg5 Be7 11. Re1 Be6 12. Nf3 Qd7 13. Kh2 h6 14. Be3 Bd6 15.
Nd4 Nxd4 16. Bxd4 Nh7 17. f4 c6 18. Nd2 Qc7 19. Be5 Re7 20. Nf3 Rae8 21. Qd2
Bf5 22. Bxd6 Qxd6 23. Nd4 Bd7 24. Nf3 Bf5 25. Nh4 Bd7 26. Nf3 Bf5 27. Re5 Bd7
28. Rae1 f6 29. R5e2 Kf7 30. c4 Rxe2 31. Rxe2 dxc4 32. dxc4 Qxd2 33. Rxd2 Be6
34. b3 Nf8 35. g4 f5 36. g5 Ng6 37. Kg3 Bc8 38. h4 hxg5 39. hxg5 Re7 40. b4 b5
41. c5 Kf8 42. Rd8+ Re8 43. Rxe8+ Kxe8 44. Nd4 Ne7 45. Nxc6 a6 46. Nxe7 Kxe7
47. Bd5 Be6 48. Bxe6 Kxe6 49. Kf3 g6 50. Ke3 Kd5 51. a3 Kc6 52. Kd4 Kd7 53. Kd5
Kc7 54. Ke6 Kc6 55. Kf6 1-0

[Event "Championnat de France - Open B"]
[Site "Val d'Isere"]
[Date "2002.08.23"]
[Round "3.4"]
[White "Boulan, Laura"]
[Black "Hoareau, Nicolas"]
[Result "1/2-1/2"]
[WhiteElo "1800"]
[BlackElo "1980"]
[PlyCount "70"]
[EventDate "2002.08.??"]
[SourceDate "2002.08.21"]

1. e4 e6 2. d4 d5 3. Nc3 Nf6 4. e5 Nfd7 5. Nf3 c5 6. Be3 Nc6 7. Ne2 cxd4 8.
Bxd4 Qc7 9. Bc3 Bc5 10. Ned4 Qb6 11. Qd2 Nxd4 12. Nxd4 Nxe5 13. Nb3 f6 14. Nxc5
Qxc5 15. Bd4 Qc7 16. Bb5+ Bd7 17. Bxd7+ Nxd7 18. O-O e5 19. Rfe1 O-O 20. Bc3 d4
21. Bb4 Rfc8 22. c3 a5 23. Ba3 b5 24. Rac1 Qb7 25. b4 Nb6 26. Qd3 Nc4 27. cxd4
Rd8 28. bxa5 Rxd4 29. Qb3 Qd5 30. Red1 Rxa5 31. Bb2 Rd2 32. Bc3 Raxa2 33. Rxd2
Rxd2 34. Bxd2 Qxd2 35. Rd1 Qa5 1/2-1/2

[Event "Championnat de France - Open B"]
[Site "Val d'Isere"]
[Date "2002.08.23"]
[Round "3.5"]
[White "Bregoli, Andre"]
[Black "Rolland, Benjamin"]
[Result "0-1"]
[WhiteElo "1800"]
[BlackElo "1980"]
[PlyCount "166"]
[EventDate "2002.08.??"]
[SourceDate "2002.08.21"]

1. c4 c5 2. Nc3 b6 3. Nf3 Nf6 4. d3 Bb7 5. g3 e6 6. Bg2 d6 7. O-O a6 8. e4 Nbd7
9. h3 Qc7 10. Bg5 Be7 11. Qe2 O-O 12. Rfe1 Rac8 13. Rac1 Rfe8 14. g4 Ne5 15.
Nxe5 dxe5 16. f3 Nd7 17. Qd2 Nf8 18. h4 Ng6 19. h5 Bxg5 20. Qxg5 h6 21. Qe3 Nf4
22. Bf1 Rcd8 23. Red1 Qe7 24. Ne2 Qg5 25. Nxf4 exf4 26. Qf2 f5 27. Qg2 fxg4 28.
Qxg4 Qxg4+ 29. fxg4 e5 30. Kf2 Rd4 31. Be2 Kf7 32. a3 a5 33. b4 cxb4 34. axb4
a4 35. b5 Ra8 36. Ra1 Kf6 37. Ra3 Kg5 38. Rda1 Bc8 39. Rxa4 Rxa4 40. Rxa4 Bxg4
41. Ra7 Rd7 42. Ra6 Bxe2 43. Kxe2 Rb7 44. Ra8 Kxh5 45. Re8 Kg4 46. Rxe5 Ra7 47.
Rf5 Ra2+ 48. Kd1 Ra7 49. c5 bxc5 50. Rxc5 f3 51. b6 Rb7 52. Rc7 Rxb6 53. Rxg7+
Kf4 54. Kd2 Rb2+ 55. Kc3 Rg2 56. Rf7+ Ke3 57. e5 Rg6 58. Kc4 Rc6+ 59. Kd5 Rc3
60. e6 Rxd3+ 61. Kc6 Rd4 62. e7 Re4 63. Kd7 f2 64. Rf6 Ke2 65. Re6 Rxe6 66.
Kxe6 f1=Q 67. e8=Q Qf3 68. Qb5+ Kf2 69. Qb2+ Kg3 70. Qb8+ Qf4 71. Qb3+ Kh4 72.
Qd5 Qg4+ 73. Kd6 Qg3+ 74. Kd7 Qg7+ 75. Ke8 Qg6+ 76. Kd7 h5 77. Qh1+ Kg5 78.
Qc1+ Kf6 79. Qc3+ Kf7 80. Qc4+ Kg7 81. Qd4+ Kh7 82. Qd5 Qg7+ 83. Ke8 Qg8+ 0-1

[Event "Championnat de France - Open B"]
[Site "Val d'Isere"]
[Date "2002.08.23"]
[Round "4.1"]
[White "Gay, Emmanuel"]
[Black "Favreau, Francois"]
[Result "0-1"]
[WhiteElo "1810"]
[BlackElo "1990"]
[PlyCount "120"]
[EventDate "2002.08.??"]
[SourceDate "2002.08.21"]

1. d4 Nf6 2. Nf3 g6 3. c4 Bg7 4. g3 c6 5. Bg2 O-O 6. O-O d6 7. Nc3 Nbd7 8. e4
e5 9. h3 h6 10. Be3 Qe7 11. Re1 a5 12. Qd2 Kh7 13. Rad1 Ne8 14. c5 exd4 15.
cxd6 Nxd6 16. Bxd4 Nc4 17. Qc2 Qb4 18. Bxg7 Kxg7 19. b3 Na3 20. Qc1 Nb5 21.
Nxb5 Qxb5 22. e5 Nc5 23. Nd4 Qb6 24. Qe3 Qb4 25. a3 Qb6 26. e6 fxe6 27. Rc1 Kh7
28. Nxe6 Bxe6 29. Rxc5 Qxb3 30. Qxe6 Qb2 31. Qe7+ Kg8 32. Qe6+ Kh7 33. Qd7+ Kg8
34. Rce5 Qxf2+ 35. Kh2 Rad8 36. Qe6+ Kg7 37. R5e2 Qc5 38. Qe7+ Qxe7 39. Rxe7+
Rf7 40. Rxf7+ Kxf7 41. Re3 Rd2 42. Kg1 Rc2 43. Kf1 g5 44. Bf3 b5 45. Bh5+ Kf6
46. Be8 b4 47. a4 c5 48. Ke1 c4 49. Bc6 b3 50. Kd1 c3 51. Be4 Rd2+ 52. Kc1 b2+
53. Kb1 Rd1+ 54. Ka2 Ra1+ 55. Kb3 b1=Q+ 56. Bxb1 Rxb1+ 57. Kxc3 Rb4 58. Kc2
Rxa4 59. Kb3 Rb4+ 60. Ka3 Kf5 0-1

[Event "Championnat de France - Open B"]
[Site "Val d'Isere"]
[Date "2002.08.23"]
[Round "4.2"]
[White "Rolland, Benjamin"]
[Black "Nguyen, Patrick"]
[Result "1-0"]
[WhiteElo "1980"]
[BlackElo "1810"]
[PlyCount "61"]
[EventDate "2002.08.??"]
[SourceDate "2002.08.21"]

1. e4 c6 2. d4 d5 3. f3 dxe4 4. fxe4 e5 5. Nf3 Be6 6. c3 Nf6 7. Bd3 exd4 8.
cxd4 Be7 9. O-O Qb6 10. Qe2 Nbd7 11. Kh1 O-O-O 12. Be3 Qa5 13. Nbd2 Kb8 14. b4
Bxb4 15. Bf4+ Ka8 16. Nb3 Qh5 17. Qc2 Rc8 18. Rfc1 Ba3 19. Rcb1 Nb6 20. Nbd2
Qa5 21. Nb3 Qh5 22. Ne5 Rhd8 23. Nd2 Rxd4 {#} 24. Rxb6 axb6 25. Ndc4 Bxc4 26.
Qa4+ Ba6 27. Qxd4 Bc5 28. Qa4 Ka7 29. Nxc6+ Rxc6 30. Bxa6 bxa6 31. Qxc6 1-0

[Event "Championnat de France - Open B"]
[Site "Val d'Isere"]
[Date "2002.08.23"]
[Round "4.3"]
[White "Charbonnel, Jean-Jacques"]
[Black "Cantero, Jorge"]
[Result "1-0"]
[WhiteElo "1960"]
[BlackElo "1790"]
[PlyCount "91"]
[EventDate "2002.08.??"]
[SourceDate "2002.08.21"]

1. Nf3 Nf6 2. g3 d6 3. Bg2 h6 4. O-O c6 5. d3 Bg4 6. Nbd2 Qd7 7. Re1 Bh3 8. e4
e5 9. a4 Be7 10. Nc4 Bxg2 11. Kxg2 Qc7 12. Nh4 O-O 13. Nf5 Rd8 14. f4 d5 15.
Nxe7+ Qxe7 16. exd5 cxd5 17. Nxe5 Qc7 18. c3 Na6 19. Be3 Ne8 20. Qb3 f6 21. Nf3
Qd7 22. Rac1 Nac7 23. Nd4 Nd6 24. h3 h5 25. Re2 b6 26. Rce1 Nb7 27. Nc2 Qf5 28.
c4 Na5 29. Qc3 dxc4 30. dxc4 Rd3 31. Qb4 Qe4+ 32. Kh2 Rb3 33. Qd6 Nxc4 34. Qxc7
Nxb2 35. Bd4 Qf3 36. Ne3 Kh8 37. Rxb2 h4 38. gxh4 Re8 39. Rg2 Rg8 40. Bxf6 gxf6
41. Rxg8+ Kxg8 42. Qc4+ Kf8 43. Qxb3 Qxf4+ 44. Kg2 Qe4+ 45. Kg1 Qf3 46. Qb4+
1-0

[Event "Championnat de France - Open B"]
[Site "Val d'Isere"]
[Date "2002.08.23"]
[Round "4.4"]
[White "Cipriani, Pierre"]
[Black "L'Huillier, Helene"]
[Result "0-1"]
[WhiteElo "1910"]
[BlackElo "1780"]
[PlyCount "112"]
[EventDate "2002.08.??"]
[SourceDate "2002.08.21"]

1. c4 c6 2. Nf3 Nf6 3. g3 d5 4. cxd5 cxd5 5. Bg2 Nc6 6. d4 Bf5 7. O-O e6 8. Nc3
Bb4 9. Bd2 O-O 10. e3 Bg4 11. Ne2 Ne4 12. Bxb4 Nxb4 13. a3 Nc6 14. Re1 Qf6 15.
Nf4 g5 16. Nd3 Qf5 17. Rf1 h5 18. Nde1 Kg7 19. Qd3 Nd6 20. Qxf5 Nxf5 21. h3
Bxf3 22. Nxf3 f6 23. Rac1 Rac8 24. Rc2 Ncxd4 25. Rd2 Nb3 26. Rd3 Nc5 27. Rc3
Ne4 28. Rb3 Nfd6 29. Nd4 Kf7 30. Rb4 Nd2 31. Rd1 N2c4 32. Bf3 Rh8 33. Be2 Ke7
34. Bd3 Ne5 35. Be2 Nc6 36. Rb3 Nxd4 37. Rxd4 h4 38. g4 Rc1+ 39. Kg2 Rhc8 40.
Rd1 b6 41. Rb4 Rxd1 42. Bxd1 Rc1 43. Be2 Rc2 44. Kf1 Nc4 45. b3 Nd2+ 46. Ke1
Nb1 47. Bd3 Rc1+ 48. Ke2 Kd6 49. a4 Rh1 50. Kf3 Nd2+ 51. Kg2 Rc1 52. e4 Rc3 53.
Be2 Rxb3 54. Rxb3 Nxb3 55. exd5 exd5 56. Kf3 Nd4+ 0-1

[Event "Championnat de France - Open B"]
[Site "Val d'Isere"]
[Date "2002.08.23"]
[Round "4.5"]
[White "Jouve, Pascal"]
[Black "Lejeune, Gael"]
[Result "0-1"]
[WhiteElo "1780"]
[BlackElo "1910"]
[PlyCount "44"]
[EventDate "2002.08.??"]
[SourceDate "2002.08.21"]

1. Nf3 c5 2. b3 Nf6 3. Bb2 Nc6 4. e3 d5 5. Bb5 Bg4 6. h3 Bh5 7. O-O e6 8. d4
cxd4 9. exd4 Bd6 10. Nbd2 Rc8 11. Re1 a6 12. Be2 O-O 13. c4 Re8 14. Ne5 Bxe2
15. Qxe2 Bb4 16. c5 Nxe5 17. dxe5 Nd7 18. Red1 Nxc5 19. Nf3 Ne4 20. Bd4 Bc3 21.
Rac1 Bxd4 22. Nxd4 Nc3 0-1

[Event "Championnat de France - Open B"]
[Site "Val d'Isere"]
[Date "2002.08.24"]
[Round "5.1"]
[White "Favreau, Francois"]
[Black "Brunel, Eric"]
[Result "1/2-1/2"]
[WhiteElo "1990"]
[BlackElo "1770"]
[PlyCount "96"]
[EventDate "2002.08.??"]
[SourceDate "2002.08.21"]

1. Nf3 g6 2. g3 Bg7 3. Bg2 Nf6 4. d3 d6 5. c3 O-O 6. O-O c5 7. a4 Nc6 8. Nbd2
Be6 9. Ng5 Bd7 10. h3 Qc8 11. Kh2 Nd8 12. e4 Ne6 13. Nxe6 Bxe6 14. f4 Qc7 15.
d4 cxd4 16. cxd4 Rac8 17. Qf3 Qa5 18. d5 Bd7 19. Nb3 Qb6 20. Bd2 Rc2 21. Ba5
Qa6 22. Rf2 Rxf2 23. Qxf2 b6 24. Bc3 Qd3 25. Qd2 Qc4 26. Nd4 Rc8 27. Qe3 e5 28.
fxe5 dxe5 29. Nb5 a6 30. Nd6 Qc5 31. Qxc5 Rxc5 32. Bxe5 Rc2 33. Bc3 Ne8 34.
Nxe8 Bxc3 35. bxc3 Bxe8 36. Ra3 b5 37. axb5 Bxb5 38. Kg1 Kf8 39. h4 Ke7 40. Rb3
Kd6 41. g4 h6 42. h5 g5 43. c4 Rxc4 44. Rf3 Ke7 45. e5 Rxg4 46. Rf6 Bc4 47. d6+
Ke8 48. Kh2 Rh4+ 1/2-1/2

[Event "Championnat de France - Open B"]
[Site "Val d'Isere"]
[Date "2002.08.24"]
[Round "5.2"]
[White "Lejeune, Gael"]
[Black "Rolland, Benjamin"]
[Result "1/2-1/2"]
[WhiteElo "1910"]
[BlackElo "1980"]
[PlyCount "85"]
[EventDate "2002.08.??"]
[SourceDate "2002.08.21"]

1. d4 d5 2. Bg5 Nf6 3. e3 e6 4. Bd3 c5 5. c3 Nc6 6. Nd2 e5 7. dxc5 Bxc5 8. Nb3
Bb6 9. h3 O-O 10. Ne2 Be6 11. O-O h6 12. Bh4 Rc8 13. Qd2 e4 14. Bc2 Ne5 15.
Nbd4 Ng6 16. Bg3 Nh5 17. Bh2 Qg5 18. Kh1 Nh4 19. Rg1 Bc7 20. Bxc7 Rxc7 21. Nf4
Nxf4 22. exf4 Qf6 23. Qe3 Ng6 24. f3 Qxf4 25. Qxf4 Nxf4 26. fxe4 a6 27. Nxe6
fxe6 28. exd5 Nxd5 29. Rge1 Rf2 30. Bb3 Nf4 31. Rf1 Rxf1+ 32. Rxf1 Nd5 33. Kg1
b5 34. Re1 Rc5 35. Bxd5 exd5 36. Rd1 Kf7 37. Kf2 Ke6 38. Rd4 Ke5 39. Ke3 Rc4
40. g3 a5 41. Rxc4 dxc4 42. Kf3 g6 43. Ke3 1/2-1/2

[Event "Championnat de France - Open B"]
[Site "Val d'Isere"]
[Date "2002.08.24"]
[Round "5.3"]
[White "Maillet, Arsene"]
[Black "Charbonnel, Jean-Jacques"]
[Result "1-0"]
[WhiteElo "1730"]
[BlackElo "1960"]
[PlyCount "55"]
[EventDate "2002.08.??"]
[SourceDate "2002.08.21"]

1. e4 c5 2. Nc3 Nc6 3. f4 d6 4. Nf3 Nf6 5. Bc4 e6 6. d3 Be7 7. O-O a6 8. a4 d5
9. Bb3 d4 10. Ne2 b6 11. Qe1 Bb7 12. Qg3 g6 13. Bd2 Qd7 14. Ne5 Nxe5 15. fxe5
Nh5 16. Qf2 f5 17. exf6 Nxf6 18. Nf4 b5 19. Bxe6 Qc6 20. e5 Nd7 21. Bd5 Qb6 22.
Bxb7 Qxb7 23. Ne6 Nxe5 24. Rae1 Bd6 25. Qf6 Kd7 26. Rxe5 Bxe5 27. Nxc5+ Ke8 28.
Qxe5+ 1-0

[Event "Championnat de France - Open B"]
[Site "Val d'Isere"]
[Date "2002.08.24"]
[Round "5.4"]
[White "L'Huillier, Helene"]
[Black "Zermiche, Cherif"]
[Result "1/2-1/2"]
[WhiteElo "1780"]
[BlackElo "1850"]
[PlyCount "117"]
[EventDate "2002.08.??"]
[SourceDate "2002.08.21"]

1. d4 Nf6 2. c4 c5 3. d5 d6 4. Nc3 g6 5. e4 Bg7 6. Bd3 O-O 7. h3 Nbd7 8. Nf3 b6
9. O-O Ba6 10. Qe2 Qc7 11. Bf4 Rab8 12. Rfe1 Rfe8 13. e5 Nh5 14. Bh2 dxe5 15.
Nxe5 Nxe5 16. Bxe5 Qxe5 17. Qxe5 Bxe5 18. Rxe5 Rbd8 19. Bf1 Ng7 20. Rae1 e6 21.
Ne4 Kh8 22. Nf6 Rf8 23. R1e4 Bb7 24. Rh4 h5 25. g4 exd5 26. cxd5 Rd6 27. g5 Nf5
28. Rxf5 gxf5 29. Rxh5+ Kg7 30. Rh7+ Kg6 31. f4 Rxf6 32. Rh6+ Kg7 33. Rxf6 Bxd5
34. a3 Be6 35. Bd3 Rd8 36. Bxf5 Bxf5 37. Rxf5 Rd1+ 38. Kf2 Rd2+ 39. Ke1 Rxb2
40. Rf6 Rh2 41. Rh6 c4 42. h4 c3 43. Kd1 b5 44. Ra6 Rxh4 45. Kc2 Rxf4 46. Kxc3
Rc4+ 47. Kb3 Rc7 48. Kb4 Rb7 49. Kc5 Kh7 50. Kb4 Kg7 51. Kc5 Kf8 52. Kb4 Ke7
53. Kc5 Kd7 54. g6 fxg6 55. Rxg6 Ke8 56. Rh6 Kd8 57. Rh8+ Kc7 58. Rh7+ Kb8 59.
Rh8+ 1/2-1/2